No me hagas pensar. Una aproximación a la usabilidad en la Web y los móviles.

Saved in:
Bibliographic Details
Main Author: Krug, Steve (autor)
Other Authors: Pérez, Gustavo (traductor)
Format: Unknown
Published: Madrid, España: Anaya Multimedia, 2023.
Edition:5.ª edición.
Subjects:
Tags: Add Tag
No Tags, Be the first to tag this record!

MARC

LEADER 00000 a2200000 4500
003 CL-VaPUC
005 20250103131427.0
008 231023t2023 ||||| |||| 00| 0 eng d
999 |c 441976  |d 441974 
020 |a 978-8441537279 
040 |c Pontificia Universidad Católica de Valparaíso 
082 7 |a 006.7 KRU 2023  |2 22 
100 |a Krug, Steve   |9 884761  |e autor 
245 |a No me hagas pensar.   |b Una aproximación a la usabilidad en la Web y los móviles.  
250 |a 5.ª edición.  
260 |a Madrid, España:  |b Anaya Multimedia,   |c 2023. 
300 |a 212 páginas :  |b ilustraciones.  
583 |k GC  |c 20231023 
650 0 |a Páginas web  |x Diseño  |9 436463 
650 0 |a Páginas web   |x Evaluación   |9 885272 
700 |a Pérez, Gustavo  |e traductor  |9 885271 
942 |2 ddc  |c BK 
952 |0 0  |1 0  |2 ddc  |4 0  |6 006_700000000000000_KRU_2023  |7 0  |8 A  |9 591943  |a BIBARQ  |b BIBARQ  |c GEN  |d 2023-10-12  |e 1  |g 44373.16  |i 5659051  |l 1  |o 006.7 KRU 2023  |p 5659051  |r 2025-01-20  |s 2024-11-11  |t 1  |v 44373.16  |w 2023-10-12  |y BK  |k ARQ